| 000 | 01141nam a22002777a 4500 | ||
|---|---|---|---|
| 005 | 20100918105748.0 | ||
| 008 | 100918t xxu||||| |||| 00| 0 mar d | ||
| 010 | _aMAR-20280 | ||
| 020 |
_c150.00 _a9788189634100 |
||
| 035 | _aMR-12938 | ||
| 037 | _bDBAD/PUB | ||
| 040 |
_aDPL _bMR |
||
| 082 | _a921 | ||
| 100 |
_920631 _aजवळगेकर,विदुला. |
||
| 245 |
_aआत्मिक आनंदयात्रा./ _cविदुला जवळगेकर |
||
| 246 |
_aAtamik Anandyatra _bby Vidula Javrkar |
||
| 260 |
_aपुणे _bस्नेहवर्धन प्रकाशन _c2010 |
||
| 270 |
_a833, सदाशिव पेठ, महात्मा फुले सभागृहमागे _bपुणे _e411030 |
||
| 300 |
_a159पृ _c21 सेमी (अजिल्द) |
||
| 650 |
_aआत्मचरित्र _920632 |
||
| 650 |
_aAutobiography _920633 |
||
| 700 | _921188 | ||
| 700 | _921189 | ||
| 942 |
_2ddc _cMR _h921 _mजवळ |
||
| 999 |
_c47660 _d47660 |
||